|
|
|
|
| LEADER |
01832cas a2200253 a 4500 |
| 001 |
AALejournalIMF003449 |
| 008 |
230101c9999 xx r poo 0 0eng d |
| 020 |
|
|
|c 5.00 USD
|
| 020 |
|
|
|z 9781451860689
|
| 022 |
|
|
|a 1018-5941
|
| 040 |
|
|
|a BD-DhAAL
|c BD-DhAAL
|
| 100 |
1 |
|
|a Aisen, Ari.
|
| 245 |
1 |
0 |
|a Does Political Instability Lead to Higher Inflation? :
|b A Panel Data Analysis /
|c Ari Aisen, Francisco Jose Veiga.
|
| 264 |
|
1 |
|a Washington, D.C. :
|b International Monetary Fund,
|c 2005.
|
| 300 |
|
|
|a 1 online resource (15 pages)
|
| 490 |
1 |
|
|a IMF Working Papers
|
| 500 |
|
|
|a <strong>Off-Campus Access:</strong> No User ID or Password Required
|
| 500 |
|
|
|a <strong>On-Campus Access:</strong> No User ID or Password Required
|
| 506 |
|
|
|a Electronic access restricted to authorized BRAC University faculty, staff and students
|
| 520 |
3 |
|
|a Economists generally accept the proposition that high inflation rates generate inefficiencies that reduce society's welfare and economic growth. However, determining the causes of the worldwide diversity of inflationary experiences is an important challenge not yet satisfactorily confronted by the profession. Based on a dataset covering around 100 countries for the period 1960-99 and using modern panel data econometric techniques to control for endogeneity, this paper shows that a higher degree of political instability is associated with higher inflation. The paper also draws relevant policy implications for the optimal design of inflation-stabilization programs and of the institutions favorable to price stability.
|
| 538 |
|
|
|a Mode of access: Internet
|
| 700 |
1 |
|
|a Veiga, Francisco Jose.
|
| 830 |
|
0 |
|a IMF Working Papers; Working Paper ;
|v No. 2005/049
|
| 856 |
4 |
0 |
|z Full text available on IMF
|u http://elibrary.imf.org/view/journals/001/2005/049/001.2005.issue-049-en.xml
|z IMF e-Library
|